|
|
|
|
| LEADER |
00000nam0a2200000 4500 |
| 001 |
271863 |
| 005 |
20231101234457.0 |
| 035 |
|
|
|a (RuTPU)RU\TPU\book\295066
|
| 090 |
|
|
|a 271863
|
| 100 |
|
|
|a 20141013d1986 k y0rusy50 ca
|
| 101 |
0 |
|
|a rus
|
| 102 |
|
|
|a RU
|
| 105 |
|
|
|a a z 001zy
|
| 200 |
1 |
|
|a Метрологические вопросы повышения эффективности использования топливно-энергетических ресурсов
|e сборник научных трудов
|f Всесоюзный научно-исследовательский институт метрологической службы (ВНИИМС)
|
| 210 |
|
|
|a Москва
|c Изд-во ВНИИМС
|d 1986
|
| 215 |
|
|
|a 96 с.
|c ил.
|
| 320 |
|
|
|a Библиография в конце статей
|
| 606 |
1 |
|
|a Топливно энергетические ресурсы
|x Использование
|2 stltpush
|3 (RuTPU)RU\TPU\subj\60948
|9 78168
|
| 610 |
1 |
|
|a энергетика
|
| 610 |
1 |
|
|a газовая промышленность
|
| 610 |
1 |
|
|a нефтяная промышленность
|
| 610 |
1 |
|
|a жилищно-коммунальное хозяйство
|
| 610 |
1 |
|
|a энергосистемы
|
| 610 |
1 |
|
|a информационно-измерительные системы
|
| 610 |
1 |
|
|a метрологическое обеспечение
|
| 610 |
1 |
|
|a условное топливо
|
| 610 |
1 |
|
|a масса
|
| 610 |
1 |
|
|a определение
|
| 610 |
1 |
|
|a погрешности
|
| 610 |
1 |
|
|a вода
|
| 610 |
1 |
|
|a расход
|
| 610 |
1 |
|
|a ультразвуковые методы
|
| 610 |
1 |
|
|a стабилизаторы тока
|
| 610 |
1 |
|
|a ускоренные пучки
|
| 675 |
|
|
|a 620.91.004
|v 3
|
| 712 |
0 |
2 |
|a Всесоюзный научно-исследовательский институт метрологической службы (ВНИИМС)
|c (Москва)
|c (1973-1991)
|2 stltpush
|3 (RuTPU)RU\TPU\col\9322
|
| 801 |
|
1 |
|a RU
|b 63413507
|c 20141013
|
| 801 |
|
2 |
|a RU
|b 63413507
|c 20170314
|g RCR
|
| 942 |
|
|
|c BK
|